Венд-кембрийские карбонатные отложения Западно-Сибирской геосинеклизы как перспективный объект для формирования пород-коллекторов трещинного гидротер- мально-метасоматического генезиса; Геология в развивающемся мире; Т. 1

Dades bibliogràfiques
Parent link:Геология в развивающемся мире: сборник научных трудов (по материалам VIII Научно-практической конференции студентов, аспирантов и молодых ученых с международным участием), Пермь, 23-26 апреля 2015г./ Пермский государственный национальный исследовательский университет (ПГНИУ) ; отв. ред. П. А. Белкин.— , 2015
Т. 1.— 2015.— [С. 464-468]
Autor principal: Нестерова А. С. Алина Сергеевна
Autor corporatiu: Национальный исследовательский Томский политехнический университет (ТПУ) Институт природных ресурсов (ИПР) Кафедра геологии и разведки полезных ископаемых (ГРПИ)
Altres autors: Мамедов О. Н. Орхан Насраддин оглы, Ковешников А. Е. Александр Евгеньевич
Sumari:Заглавие с экрана
Представлены территории предполагаемого распространения венд-кембрийских карбонатных отложений в пределах Западно-Сибирской геосинеклизы, перспективные для поиска пород-коллекторов, сформированных процессами гидротермального выщелачивания и гидротермальной доломитизации во вторично-катагенетический этап их преобразования.
The territory of the proposed dissemination Vendian-Cambrian carbonate deposits in the West Siberian geosyneclise , promising to search for reservoir rocks formed during the hydrothermal leaching and hydrothermal dolomitization in the second - stage catagenetic their conversion.
Idioma:rus
Publicat: 2015
Col·lecció:Геология нефти и газа
Matèries:
Accés en línia:http://www.psu.ru/files/docs/science/books/sborniki/geolog_v_razv_mire_2015_1.pdf#page=464
Format: MixedMaterials Electrònic Capítol de llibre
KOHA link:https://koha.lib.tpu.ru/cgi-bin/koha/opac-detail.pl?biblionumber=647287

MARC

LEADER 00000naa0a2200000 4500
001 647287
005 20250617144110.0
035 |a (RuTPU)RU\TPU\network\12425 
035 |a RU\TPU\network\8257 
090 |a 647287 
100 |a 20160401d2015 k y0rusy50 ca 
101 0 |a rus 
102 |a RU 
135 |a drcn ---uucaa 
181 0 |a i  
182 0 |a b 
200 1 |a Венд-кембрийские карбонатные отложения Западно-Сибирской геосинеклизы как перспективный объект для формирования пород-коллекторов трещинного гидротер- мально-метасоматического генезиса  |d Vendian-cambrian carbonate deposits of the west siberian geosyneclise as promising facility for forming reservoir rocks fissure hydrothermal metasomatic genesis  |f А. С. Нестерова, О. Н. Мамедов, А. Е. Ковешников 
203 |a Текст  |c электронный 
225 1 |a Геология нефти и газа 
300 |a Заглавие с экрана 
320 |a [Библиогр.: с. 467-468 (7 назв.)] 
330 |a Представлены территории предполагаемого распространения венд-кембрийских карбонатных отложений в пределах Западно-Сибирской геосинеклизы, перспективные для поиска пород-коллекторов, сформированных процессами гидротермального выщелачивания и гидротермальной доломитизации во вторично-катагенетический этап их преобразования. 
330 |a The territory of the proposed dissemination Vendian-Cambrian carbonate deposits in the West Siberian geosyneclise , promising to search for reservoir rocks formed during the hydrothermal leaching and hydrothermal dolomitization in the second - stage catagenetic their conversion. 
461 |t Геология в развивающемся мире  |o сборник научных трудов (по материалам VIII Научно-практической конференции студентов, аспирантов и молодых ученых с международным участием), Пермь, 23-26 апреля 2015г.  |f Пермский государственный национальный исследовательский университет (ПГНИУ) ; отв. ред. П. А. Белкин  |o в. 2 т.  |d 2015 
463 |t Т. 1  |v [С. 464-468]  |d 2015 
510 1 |a Vendian-cambrian carbonate deposits of the west siberian geosyneclise as promising facility for forming reservoir rocks fissure hydrothermal metasomatic genesis  |z eng 
610 1 |a электронный ресурс 
610 1 |a труды учёных ТПУ 
610 1 |a антиклинории 
610 1 |a синклинории 
610 1 |a гипергенез 
610 1 |a катагенез 
610 1 |a карбонатные отложения 
700 1 |a Нестерова  |b А. С.  |g Алина Сергеевна 
701 1 |a Мамедов  |b О. Н.  |g Орхан Насраддин оглы 
701 1 |a Ковешников  |b А. Е.  |c геолог  |c доцент Томского политехнического университета, кандидат геолого-минералогических наук  |f 1953-  |g Александр Евгеньевич  |3 (RuTPU)RU\TPU\pers\27085 
712 0 2 |a Национальный исследовательский Томский политехнический университет (ТПУ)  |b Институт природных ресурсов (ИПР)  |b Кафедра геологии и разведки полезных ископаемых (ГРПИ)  |3 (RuTPU)RU\TPU\col\18660 
801 1 |a RU  |b 63413507  |c 20141010 
801 2 |a RU  |b 63413507  |c 20160420  |g RCR 
850 |a 63413507 
856 4 |u http://www.psu.ru/files/docs/science/books/sborniki/geolog_v_razv_mire_2015_1.pdf#page=464 
942 |c CF